<?xml version="1.0" encoding="UTF-8"?>
<record
    xmlns:xsi="http://www.w3.org/2001/XMLSchema-instance"
    xsi:schemaLocation="http://www.loc.gov/MARC21/slim http://www.loc.gov/standards/marcxml/schema/MARC21slim.xsd"
    xmlns="http://www.loc.gov/MARC21/slim">

  <leader>03093ngm a2200469   4500</leader>
  <controlfield tag="003">dpl</controlfield>
  <controlfield tag="005">20081121121351.0</controlfield>
  <controlfield tag="007">DVD</controlfield>
  <controlfield tag="008">||||||sp199   xxu|||||c |||  00| 0 ng d </controlfield>
  <datafield tag="010" ind1=" " ind2=" ">
    <subfield code="a">DVD-001289-1291&amp; DVD-004671-4676</subfield>
  </datafield>
  <datafield tag="024" ind1=" " ind2=" ">
    <subfield code="a">DHIF0584S</subfield>
    <subfield code="c">39.00</subfield>
  </datafield>
  <datafield tag="035" ind1=" " ind2=" ">
    <subfield code="a">DVD-001289-1291</subfield>
  </datafield>
  <datafield tag="035" ind1=" " ind2=" ">
    <subfield code="a">DVD-004671-4676</subfield>
  </datafield>
  <datafield tag="040" ind1=" " ind2=" ">
    <subfield code="a">DPL</subfield>
    <subfield code="c">DPL</subfield>
  </datafield>
  <datafield tag="082" ind1=" " ind2=" ">
    <subfield code="a">DVD / HASE</subfield>
  </datafield>
  <datafield tag="245" ind1=" " ind2=" ">
    <subfield code="a">Haseena Maan Jaayegi</subfield>
    <subfield code="c">Smita Thackerays Presents</subfield>
    <subfield code="h">[videorecording] DVD/</subfield>
  </datafield>
  <datafield tag="260" ind1=" " ind2=" ">
    <subfield code="b">Moserbaer Entertainment</subfield>
  </datafield>
  <datafield tag="300" ind1=" " ind2=" ">
    <subfield code="a">1 videodisc DVD;</subfield>
    <subfield code="b">sd., col. ;</subfield>
    <subfield code="c">4 3/4 in.</subfield>
    <subfield code="f">DVD</subfield>
  </datafield>
  <datafield tag="440" ind1=" " ind2=" ">
    <subfield code="a">Moserbaer Home Entertainment</subfield>
  </datafield>
  <datafield tag="500" ind1=" " ind2=" ">
    <subfield code="a">Moserbaer India Ltd. has obtained the necessary licence/conssent from the owner of the copyright in the wroks for making this DVD Film.</subfield>
  </datafield>
  <datafield tag="538" ind1=" " ind2=" ">
    <subfield code="a">Dolby Digital 5.1 - Hindi Subtitles: English</subfield>
  </datafield>
  <datafield tag="538" ind1=" " ind2=" ">
    <subfield code="a">This DVD can be played back on DVD Players, multimedia systems &amp; PC with MPEG card interactive with version 2.0 players.</subfield>
  </datafield>
  <datafield tag="650" ind1=" " ind2=" ">
    <subfield code="a">Motion Picture</subfield>
  </datafield>
  <datafield tag="700" ind1=" " ind2=" ">
    <subfield code="a">Dhawan, David</subfield>
  </datafield>
  <datafield tag="700" ind1=" " ind2=" ">
    <subfield code="a">Malik, Anu</subfield>
  </datafield>
  <datafield tag="700" ind1=" " ind2=" ">
    <subfield code="a">Dutt, Sanjay</subfield>
  </datafield>
  <datafield tag="700" ind1=" " ind2=" ">
    <subfield code="a">Govinda</subfield>
  </datafield>
  <datafield tag="700" ind1=" " ind2=" ">
    <subfield code="a">Kapoor, Karisma</subfield>
  </datafield>
  <datafield tag="700" ind1=" " ind2=" ">
    <subfield code="a">Batra, Pooja</subfield>
  </datafield>
  <datafield tag="942" ind1=" " ind2=" ">
    <subfield code="c">CF</subfield>
    <subfield code="2">ddc</subfield>
    <subfield code="h">DVD</subfield>
    <subfield code="m">HASE</subfield>
  </datafield>
  <datafield tag="999" ind1=" " ind2=" ">
    <subfield code="c">18946</subfield>
    <subfield code="d">18946</subfield>
  </datafield>
  <datafield tag="952" ind1=" " ind2=" ">
    <subfield code="0">0</subfield>
    <subfield code="1">0</subfield>
    <subfield code="2">ddc</subfield>
    <subfield code="4">0</subfield>
    <subfield code="7">0</subfield>
    <subfield code="a">L</subfield>
    <subfield code="b">L</subfield>
    <subfield code="d">2008-11-21</subfield>
    <subfield code="e">Purchase</subfield>
    <subfield code="g">39.00</subfield>
    <subfield code="l">11</subfield>
    <subfield code="o">DVD HASE</subfield>
    <subfield code="p">DVD-001289</subfield>
    <subfield code="r">2011-06-01 00:00:00</subfield>
    <subfield code="s">2011-05-31</subfield>
    <subfield code="t">1</subfield>
    <subfield code="v">39.00</subfield>
    <subfield code="w">2008-11-21</subfield>
    <subfield code="y">CF</subfield>
  </datafield>
  <datafield tag="952" ind1=" " ind2=" ">
    <subfield code="0">0</subfield>
    <subfield code="1">0</subfield>
    <subfield code="2">ddc</subfield>
    <subfield code="4">0</subfield>
    <subfield code="7">0</subfield>
    <subfield code="a">ZLS</subfield>
    <subfield code="b">ZLS</subfield>
    <subfield code="d">2008-11-21</subfield>
    <subfield code="e">Purchase</subfield>
    <subfield code="g">39.00</subfield>
    <subfield code="l">10</subfield>
    <subfield code="o">DVD HASE</subfield>
    <subfield code="p">DVD-001290</subfield>
    <subfield code="r">2015-12-28 00:00:00</subfield>
    <subfield code="s">2015-12-19</subfield>
    <subfield code="t">1</subfield>
    <subfield code="v">39.00</subfield>
    <subfield code="w">2008-11-21</subfield>
    <subfield code="y">CF</subfield>
  </datafield>
  <datafield tag="952" ind1=" " ind2=" ">
    <subfield code="0">0</subfield>
    <subfield code="1">0</subfield>
    <subfield code="2">ddc</subfield>
    <subfield code="4">0</subfield>
    <subfield code="7">0</subfield>
    <subfield code="a">BL1</subfield>
    <subfield code="b">BL1</subfield>
    <subfield code="d">2008-11-21</subfield>
    <subfield code="e">Purchase</subfield>
    <subfield code="g">39.00</subfield>
    <subfield code="l">11</subfield>
    <subfield code="o">DVD HASE</subfield>
    <subfield code="p">DVD-001291</subfield>
    <subfield code="r">2014-02-18 00:00:00</subfield>
    <subfield code="s">2014-02-01</subfield>
    <subfield code="t">1</subfield>
    <subfield code="v">39.00</subfield>
    <subfield code="w">2008-11-21</subfield>
    <subfield code="y">CF</subfield>
  </datafield>
  <datafield tag="952" ind1=" " ind2=" ">
    <subfield code="0">0</subfield>
    <subfield code="1">0</subfield>
    <subfield code="2">ddc</subfield>
    <subfield code="4">0</subfield>
    <subfield code="7">0</subfield>
    <subfield code="a">JP</subfield>
    <subfield code="b">JP</subfield>
    <subfield code="d">2009-11-17</subfield>
    <subfield code="e">Pioneers/885/29-10-09/325/13-10-09 /06-11-09 </subfield>
    <subfield code="g">39.00</subfield>
    <subfield code="l">6</subfield>
    <subfield code="o">DVD HASE</subfield>
    <subfield code="p">DVD-004671</subfield>
    <subfield code="r">2013-09-27 00:00:00</subfield>
    <subfield code="s">2013-09-09</subfield>
    <subfield code="t">1</subfield>
    <subfield code="v">39.00</subfield>
    <subfield code="w">2009-11-17</subfield>
    <subfield code="y">CF</subfield>
  </datafield>
  <datafield tag="952" ind1=" " ind2=" ">
    <subfield code="0">0</subfield>
    <subfield code="1">0</subfield>
    <subfield code="2">ddc</subfield>
    <subfield code="4">0</subfield>
    <subfield code="7">0</subfield>
    <subfield code="a">RKP</subfield>
    <subfield code="b">RKP</subfield>
    <subfield code="d">2009-11-17</subfield>
    <subfield code="e">Pioneers/885/29-10-09/325/13-10-09 /06-11-09 </subfield>
    <subfield code="g">39.00</subfield>
    <subfield code="l">3</subfield>
    <subfield code="o">DVD HASE</subfield>
    <subfield code="p">DVD-004672</subfield>
    <subfield code="r">2013-03-18 00:00:00</subfield>
    <subfield code="s">2013-03-09</subfield>
    <subfield code="t">1</subfield>
    <subfield code="v">39.00</subfield>
    <subfield code="w">2009-11-17</subfield>
    <subfield code="y">CF</subfield>
  </datafield>
  <datafield tag="952" ind1=" " ind2=" ">
    <subfield code="0">0</subfield>
    <subfield code="1">0</subfield>
    <subfield code="2">ddc</subfield>
    <subfield code="4">0</subfield>
    <subfield code="7">0</subfield>
    <subfield code="a">VP</subfield>
    <subfield code="b">VP</subfield>
    <subfield code="d">2009-11-17</subfield>
    <subfield code="e">Pioneers/885/29-10-09/325/13-10-09 /06-11-09 </subfield>
    <subfield code="g">39.00</subfield>
    <subfield code="l">1</subfield>
    <subfield code="o">DVD HASE</subfield>
    <subfield code="p">DVD-004673</subfield>
    <subfield code="r">2010-11-18 00:00:00</subfield>
    <subfield code="s">2010-11-10</subfield>
    <subfield code="t">1</subfield>
    <subfield code="v">39.00</subfield>
    <subfield code="w">2009-11-17</subfield>
    <subfield code="y">CF</subfield>
  </datafield>
  <datafield tag="952" ind1=" " ind2=" ">
    <subfield code="0">0</subfield>
    <subfield code="1">0</subfield>
    <subfield code="2">ddc</subfield>
    <subfield code="4">0</subfield>
    <subfield code="7">0</subfield>
    <subfield code="a">BL3</subfield>
    <subfield code="b">BL3</subfield>
    <subfield code="d">2009-11-17</subfield>
    <subfield code="e">Pioneers/885/29-10-09/325/13-10-09 /06-11-09 </subfield>
    <subfield code="g">39.00</subfield>
    <subfield code="l">4</subfield>
    <subfield code="o">DVD HASE</subfield>
    <subfield code="p">DVD-004674</subfield>
    <subfield code="r">2014-09-14 00:00:00</subfield>
    <subfield code="s">2014-09-09</subfield>
    <subfield code="t">1</subfield>
    <subfield code="v">39.00</subfield>
    <subfield code="w">2009-11-17</subfield>
    <subfield code="y">CF</subfield>
  </datafield>
  <datafield tag="952" ind1=" " ind2=" ">
    <subfield code="0">0</subfield>
    <subfield code="1">0</subfield>
    <subfield code="2">ddc</subfield>
    <subfield code="4">0</subfield>
    <subfield code="7">0</subfield>
    <subfield code="a">NR</subfield>
    <subfield code="b">NR</subfield>
    <subfield code="d">2009-11-17</subfield>
    <subfield code="e">Pioneers/885/29-10-09/325/13-10-09 /06-11-09 </subfield>
    <subfield code="g">39.00</subfield>
    <subfield code="l">4</subfield>
    <subfield code="o">DVD HASE</subfield>
    <subfield code="p">DVD-004675</subfield>
    <subfield code="r">2012-03-17 00:00:00</subfield>
    <subfield code="s">2012-03-16</subfield>
    <subfield code="t">1</subfield>
    <subfield code="v">39.00</subfield>
    <subfield code="w">2009-11-17</subfield>
    <subfield code="y">CF</subfield>
  </datafield>
  <datafield tag="952" ind1=" " ind2=" ">
    <subfield code="0">0</subfield>
    <subfield code="1">0</subfield>
    <subfield code="2">ddc</subfield>
    <subfield code="4">0</subfield>
    <subfield code="7">0</subfield>
    <subfield code="a">BL4</subfield>
    <subfield code="b">BL4</subfield>
    <subfield code="d">2009-11-17</subfield>
    <subfield code="e">Pioneers/885/29-10-09/325/13-10-09 /06-11-09 </subfield>
    <subfield code="g">39.00</subfield>
    <subfield code="l">0</subfield>
    <subfield code="o">DVD HASE</subfield>
    <subfield code="p">DVD-004676</subfield>
    <subfield code="r">2009-11-17 00:00:00</subfield>
    <subfield code="t">1</subfield>
    <subfield code="v">39.00</subfield>
    <subfield code="w">2009-11-17</subfield>
    <subfield code="y">CF</subfield>
  </datafield>
</record>
